[Event "World Corporate East D"]
[Site "Chess.com INT"]
[Date "2021.02.20"]
[Round "6.6"]
[White "Garcia Lopez, Nicolas"]
[Black "Tsichlis, Georgios"]
[Result "0-1"]
[WhiteElo "2039"]
[BlackElo "2167"]
[PlyCount "70"]
[EventDate "2021.02.19"]
[EventType "team (rapid)"]
[EventRounds "7"]
[EventCountry "USA"]
[SourceTitle "EXT 2022"]
[Source "ChessBase"]
[SourceDate "2021.10.06"]
[SourceVersion "1"]
[SourceVersionDate "2021.10.06"]
[SourceQuality "1"]
[WhiteTeam "HP"]
[BlackTeam "Microsoft Europe"]
[WhiteTeamCountry "MAS"]
[BlackTeamCountry "GRE"]

1. e4 e5 2. Nc3 Nf6 3. f4 d5 4. fxe5 Nxe4 5. Qe2 Nc6 6. Nf3 Nxc3 7. dxc3 Be7 8. Bf4 Be6 9. 0-0-0 Qd7 10. Qf2 0-0-0 11. Bb5 a6 12. Ba4 b5 13. Bb3 Kb7 14. c4 bxc4 15. Bxc4 Na5 16. Bd3 Qa4 17. Kb1 Qxf4 18. Qe2 Nc4 19. b3 Na3+ 20. Kb2 Ra8 21. g3 Qb4 22. c3 Qb6 23. Nd4 c5 24. Nxe6 fxe6 25. Ka1 Rhf8 26. c4 Qb4 27. Kb2 a5 28. cxd5 exd5 29. Bxh7 c4 30. Rxd5 c3+ 31. Ka1 Rad8 32. Rhd1 c2 33. Rd7+ Rxd7 34. Rxd7+ Kc8 35. Bxc2 Qc3# 0-1

[Event "Catalunya-chT GpA final"]
[Site "Barcelona"]
[Date "2018.04.07"]
[Round "3.9"]
[White "Parals Marce, Luis"]
[Black "Garcia Lopez, Nicolas"]
[Result "1-0"]
[WhiteElo "2062"]
[BlackElo "2087"]
[PlyCount "109"]
[EventDate "2018.03.10"]
[EventType "team-tourn"]
[EventRounds "4"]
[EventCountry "ESP"]
[SourceTitle "EXT 2019"]
[Source "ChessBase"]
[SourceDate "2018.10.10"]
[SourceVersion "1"]
[SourceVersionDate "2018.10.10"]
[SourceQuality "1"]
[WhiteTeam "Figueres"]
[BlackTeam "Sant Andreu"]
[WhiteTeamCountry "ESP"]
[BlackTeamCountry "ESP"]

1. Nf3 d6 2. d4 Nf6 3. g3 g6 4. Bg2 Bg7 5. 0-0 0-0 6. b3 c5 7. e3 Nc6 8. Bb2 Ne4 9. Nbd2 Nxd2 10. Qxd2 e5 11. dxe5 dxe5 12. Qc3 Qe7 13. Nd2 Bd7 14. a4 Rad8 15. Nc4 f5 16. Na5 Nxa5 17. Qxa5 e4 18. Bxg7 Kxg7 19. Qxa7 Bc6 20. Qa5 Rd5 21. Qc3+ Qf6 22. Qxf6+ Rxf6 23. Rfd1 Rfd6 24. Rxd5 Rxd5 25. Bf1 Rd2 26. Rc1 g5 27. Bb5 Bxb5 28. axb5 Kf6 29. Kf1 f4 30. gxf4 gxf4 31. exf4 Kf5 32. Ke1 e3 33. fxe3 Rxh2 34. Rd1 Ke4 35. Rd7 Kxe3 36. Re7+ Kxf4 37. Kd1 Rh6 38. Rxb7 Ke5 39. Rc7 Kd5 40. Kc1 Rh1+ 41. Kb2 Kd6 42. Rc6+ Kd5 43. c4+ Kd4 44. Rd6+ Ke5 45. Rd5+ Ke6 46. b6 Rg1 47. Ka3 Rg8 48. Ka4 Rh8 49. Kb5 h5 50. b7 h4 51. Kb6 h3 52. Ka7 h2 53. Rd1 Rh7 54. Ka8 Rd7 55. Re1+ 1-0

[Event "Catalunya-chT GpA final"]
[Site "Barcelona"]
[Date "2017.04.01"]
[Round "4.10"]
[White "Garcia Lopez, Nicolas"]
[Black "Moreno Garcia, Elizabeth Paola"]
[Result "0-1"]
[WhiteElo "2066"]
[BlackElo "2024"]
[PlyCount "90"]
[EventDate "2017.03.11"]
[EventType "team-tourn"]
[EventRounds "11"]
[EventCountry "ESP"]
[SourceTitle "EXT 2018"]
[Source "ChessBase"]
[SourceDate "2017.10.13"]
[SourceVersion "1"]
[SourceVersionDate "2017.10.13"]
[SourceQuality "1"]
[WhiteTeam "Sant Andreu"]
[BlackTeam "Barcelona Escola Escacs"]
[WhiteTeamCountry "ESP"]
[BlackTeamCountry "ESP"]

1. e4 c5 2. g3 Nc6 3. Bg2 g6 4. Ne2 Bg7 5. c3 d6 6. d4 cxd4 7. cxd4 Qa5+ 8. Nbc3 Bg4 9. f3 Bd7 10. Be3 Nf6 11. Qd2 0-0 12. h3 b5 13. f4 b4 14. Nd1 Rac8 15. Nf2 Qb5 16. 0-0 Na5 17. b3 Nb7 18. Rfc1 a5 19. g4 Rfd8 20. Ng3 Qa6 21. f5 Bb5 22. h4 Ne8 23. h5 e5 24. g5 a4 25. Qxb4 axb3 26. axb3 Rxc1+ 27. Rxc1 exd4 28. Bxd4 Bxd4 29. Qxd4 Qa3 30. Rc2 Qxb3 31. Rc3 Qa4 32. Qe3 Nc5 33. Ng4 Qd1+ 34. Kf2 Qxg4 35. Bf3 Qh3 36. Ra3 Nd3+ 37. Rxd3 Bxd3 38. Qxd3 Qh2+ 39. Bg2 Rb8 40. Qc2 gxh5 41. g6 hxg6 42. fxg6 fxg6 43. e5 Kh7 44. exd6 Ng7 45. Qd2 Rf8+ 0-1

[Event "Barcelona Sant Marti op-A 18th"]
[Site "Barcelona"]
[Date "2016.07.19"]
[Round "7"]
[White "Castillo Dalmau, Albert"]
[Black "Garcia Lopez, Nicolas"]
[Result "1/2-1/2"]
[WhiteElo "1998"]
[BlackElo "2069"]
[PlyCount "105"]
[EventDate "2016.07.13"]
[EventType "swiss"]
[EventRounds "9"]
[EventCountry "ESP"]
[SourceTitle "CBM 173 Extra"]
[Source "ChessBase"]
[SourceDate "2016.08.29"]
[SourceVersion "1"]
[SourceVersionDate "2016.08.29"]
[SourceQuality "1"]

1. c4 Nf6 2. g3 g6 3. Bg2 Bg7 4. Nc3 0-0 5. e4 d6 6. Nge2 Nc6 7. 0-0 e5 8. d3 a6 9. h3 Be6 10. Kh2 Nd7 11. Be3 h6 12. Qd2 Kh7 13. Nd5 Ne7 14. d4 f5 15. Nxe7 Qxe7 16. exf5 gxf5 17. Bxb7 Rab8 18. Bg2 Bxc4 19. Rfe1 Be6 20. b3 c5 21. dxe5 dxe5 22. Rac1 Rfc8 23. Qa5 Qd6 24. Red1 Qb6 25. Qxb6 Rxb6 26. Nc3 Bf8 27. Nd5 Rbb8 28. Bf1 Nb6 29. Nxb6 Rxb6 30. Bc4 Bxc4 31. Rxc4 Rd6 32. Rdc1 Rdc6 33. b4 Kg6 34. bxc5 Kf6 35. Rh4 Kg6 36. Kg2 h5 37. Rhc4 Kf6 38. Kf1 Be7 39. Ke2 Ke6 40. f3 Kd5 41. Kd3 Rg8 42. g4 hxg4 43. hxg4 f4 44. Bg1 Rh8 45. Ke2 Rh3 46. R4c3 Rg3 47. Rd1+ Ke6 48. Bf2 Rh3 49. Rb1 Rh2 50. Kf1 Bh4 51. Rb2 e4 52. fxe4 Bf6 53. e5 1/2-1/2

[Event "Barcelona Sant Marti op-A 18th"]
[Site "Barcelona"]
[Date "2016.07.17"]
[Round "5"]
[White "Qiu, Mengjie"]
[Black "Garcia Lopez, Nicolas"]
[Result "1-0"]
[WhiteElo "2231"]
[BlackElo "2069"]
[PlyCount "93"]
[EventDate "2016.07.13"]
[EventType "swiss"]
[EventRounds "9"]
[EventCountry "ESP"]
[SourceTitle "CBM 173 Extra"]
[Source "ChessBase"]
[SourceDate "2016.08.29"]
[SourceVersion "1"]
[SourceVersionDate "2016.08.29"]
[SourceQuality "1"]

1. e4 e6 2. d4 d5 3. Nd2 c5 4. exd5 Qxd5 5. Ngf3 cxd4 6. Bc4 Qd7 7. 0-0 Nf6 8. Nb3 Nc6 9. Nbxd4 a6 10. a4 Nxd4 11. Nxd4 Bc5 12. Be3 Qc7 13. Bb3 0-0 14. Qe2 Re8 15. Nf3 h6 16. Bxc5 Qxc5 17. Qe5 Qxe5 18. Nxe5 Nd7 19. Nc4 Nc5 20. Nb6 Rb8 21. f4 Kf8 22. Rfd1 Ke7 23. Bc4 Nd7 24. Nxc8+ Rbxc8 25. Rd4 Red8 26. Rad1 Nb6 27. Bb3 a5 28. Kf2 Rxd4 29. Rxd4 Rc5 30. Kf3 g5 31. g3 f5 32. Rd2 Nc4 33. Re2 Kf6 34. c3 b6 35. Kf2 Rc6 36. Ba2 Rc7 37. Ke1 Rc5 38. Kd1 Rc6 39. Kc2 e5 40. Kd3 Nxb2+ 41. Rxb2 gxf4 42. gxf4 exf4 43. Bd5 Rc7 44. Rxb6+ Kg5 45. c4 Re7 46. c5 Rd7 47. Rd6 1-0

[Event "Sant Adria de Besos op 10th"]
[Site "Sant Adria de Besos"]
[Date "2014.06.01"]
[Round "5"]
[White "Salazar Navas, Josep"]
[Black "Garcia Lopez, Nicolas"]
[Result "0-1"]
[WhiteElo "1766"]
[BlackElo "2012"]
[PlyCount "82"]
[EventDate "2014.05.04"]
[EventType "swiss"]
[EventRounds "8"]
[EventCountry "ESP"]
[SourceTitle "EXT 2015"]
[Source "ChessBase"]
[SourceDate "2014.11.20"]
[SourceVersion "1"]
[SourceVersionDate "2014.11.20"]
[SourceQuality "1"]

1. e4 d5 2. exd5 Nf6 3. c4 c6 4. Nc3 cxd5 5. d4 Be6 6. c5 Nc6 7. Bb5 Ne4 8. Nf3 Rc8 9. Qa4 Nxc3 10. bxc3 Bd7 11. Bxc6 Bxc6 12. Qxa7 Ra8 13. Qb6 Qxb6 14. cxb6 Ra6 15. Rb1 Rxa2 16. 0-0 e6 17. Bf4 f6 18. Ra1 Rc2 19. Rfc1 Rxc1+ 20. Bxc1 Be7 21. Ra8+ Bd8 22. Bf4 Kd7 23. Bc7 Re8 24. Bxd8 Rxd8 25. Ra5 Kd6 26. Nd2 e5 27. Nb3 Bd7 28. Rc5 Ra8 29. Kf1 Ra6 30. Na5 Rxb6 31. c4 Bc6 32. Nxc6 bxc6 33. Rxd5+ cxd5 34. c5+ Kc6 35. cxb6 Kxb6 36. Ke2 Kb5 37. Kd3 e4+ 38. Kc3 Ka4 39. f3 f5 40. h3 Ka3 41. fxe4 fxe4 0-1

[Event "Sant Adria de Besos op 10th"]
[Site "Sant Adria de Besos"]
[Date "2014.05.25"]
[Round "4"]
[White "Garcia Lopez, Nicolas"]
[Black "Molano Lafuente, Ismael"]
[Result "1/2-1/2"]
[WhiteElo "2012"]
[BlackElo "1985"]
[PlyCount "39"]
[EventDate "2014.05.04"]
[EventType "swiss"]
[EventRounds "8"]
[EventCountry "ESP"]
[SourceTitle "EXT 2015"]
[Source "ChessBase"]
[SourceDate "2014.11.20"]
[SourceVersion "1"]
[SourceVersionDate "2014.11.20"]
[SourceQuality "1"]

1. e4 c5 2. g3 b6 3. Bg2 Bb7 4. Ne2 h5 5. h3 Nf6 6. d3 d5 7. e5 Nfd7 8. e6 Nf6 9. Nf4 g5 10. exf7+ Kxf7 11. Ne2 Bh6 12. d4 Nc6 13. 0-0 Qd7 14. Be3 cxd4 15. Nxd4 e5 16. Nf3 g4 17. hxg4 hxg4 18. Nh4 e4 19. Qd2 Bg7 20. Bf4 1/2-1/2

[Event "Sant Adria de Besos op 10th"]
[Site "Sant Adria de Besos"]
[Date "2014.05.18"]
[Round "3"]
[White "Capellades Subirana, Marc"]
[Black "Garcia Lopez, Nicolas"]
[Result "1/2-1/2"]
[WhiteElo "2245"]
[BlackElo "2012"]
[PlyCount "108"]
[EventDate "2014.05.04"]
[EventType "swiss"]
[EventRounds "8"]
[EventCountry "ESP"]
[SourceTitle "EXT 2015"]
[Source "ChessBase"]
[SourceDate "2014.11.20"]
[SourceVersion "1"]
[SourceVersionDate "2014.11.20"]
[SourceQuality "1"]

1. e4 Nf6 2. Nc3 e5 3. Nge2 d5 4. exd5 Nxd5 5. Nxd5 Qxd5 6. Nc3 Qe6 7. Bd3 Nc6 8. 0-0 Bd7 9. f4 0-0-0 10. f5 Bc5+ 11. Kh1 Qe7 12. Be4 f6 13. Nd5 Qf7 14. c3 g6 15. b4 Be7 16. b5 Na5 17. Qa4 b6 18. Nxe7+ Qxe7 19. Ba3 Qf7 20. Bb4 Qc4 21. d3 Qxb5 22. Qxb5 Bxb5 23. c4 gxf5 24. Bxf5+ Bd7 25. Be7 Bxf5 26. Bxd8 Bxd3 27. Bxf6 Rf8 28. Rfd1 e4 29. Bd4 Nxc4 30. h4 c5 31. Bg7 Rf7 32. Bh6 Ne5 33. Re1 Ng4 34. Bd2 Rf2 35. Bc3 b5 36. Kg1 b4 37. Bg7 Kb7 38. Rac1 Kb6 39. a3 b3 40. Rc3 Bc2 41. Rg3 Rf4 42. Rf1 Rxf1+ 43. Kxf1 h5 44. Ke2 Kb5 45. Rxg4 hxg4 46. Ke3 Bd3 47. h5 Bc4 48. Kxe4 Bg8 49. Kd3 Ka4 50. Bb2 Kb5 51. Kc3 a5 52. h6 a4 53. Bc1 Bh7 54. g3 Bg6 1/2-1/2

[Event "Barcelona Guinardo 6th"]
[Site "Barcelona"]
[Date "2013.09.10"]
[Round "9"]
[White "Porta Tovar, Oriol"]
[Black "Garcia Lopez, Nicolas"]
[Result "1-0"]
[WhiteElo "2255"]
[BlackElo "2176"]
[PlyCount "67"]
[EventDate "2013.09.02"]
[EventType "tourn"]
[EventRounds "9"]
[EventCountry "ESP"]
[SourceTitle "CBM 156 Extra"]
[Source "ChessBase"]
[SourceDate "2013.10.22"]
[SourceVersion "1"]
[SourceVersionDate "2013.10.22"]
[SourceQuality "1"]

1. e4 c5 2. Nf3 Nc6 3. d4 cxd4 4. Nxd4 d5 5. Bb5 dxe4 6. Nxc6 Qxd1+ 7. Kxd1 a6 8. Nc3 Bd7 9. Nd5 bxc6 10. Nc7+ Kd8 11. Nxa8 cxb5 12. a4 Bc6 13. Nb6 Kc7 14. Be3 Nf6 15. h3 e5 16. Kc1 bxa4 17. Nxa4 Nd5 18. Bc5 Nf4 19. Bxf8 Rxf8 20. Nc5 Kb6 21. b4 Ra8 22. Rd1 Nd5 23. Nd7+ Bxd7 24. Rxd5 Bc6 25. Rxe5 Rd8 26. Re7 Bd5 27. Ra5 Be6 28. Re5 Rd4 29. c3 Rc4 30. Kd2 Kc6 31. R5xe6+ fxe6 32. Rxe6+ Kb5 33. Re7 Ka4 34. Kc2 1-0

[Event "Barcelona Guinardo 6th"]
[Site "Barcelona"]
[Date "2013.09.08"]
[Round "7"]
[White "Garcia Lopez, Nicolas"]
[Black "Capellades Subirana, Marc"]
[Result "0-1"]
[WhiteElo "2176"]
[BlackElo "2332"]
[PlyCount "76"]
[EventDate "2013.09.02"]
[EventType "tourn"]
[EventRounds "9"]
[EventCountry "ESP"]
[SourceTitle "CBM 156 Extra"]
[Source "ChessBase"]
[SourceDate "2013.10.22"]
[SourceVersion "1"]
[SourceVersionDate "2013.10.22"]
[SourceQuality "1"]

1. e4 e5 2. Bc4 Nc6 3. Nc3 Nf6 4. d3 Na5 5. Nge2 Nxc4 6. dxc4 Bc5 7. 0-0 d6 8. Bg5 c6 9. Qd3 Bb6 10. Rad1 Bc7 11. f4 h6 12. fxe5 hxg5 13. exf6 gxf6 14. Qf3 Bb6+ 15. Kh1 Be6 16. b3 Kd7 17. Qxf6 Qxf6 18. Rxf6 Ke7 19. Rf3 Rh7 20. Nd4 Rah8 21. Rdd3 g4 22. Rg3 Rxh2+ 23. Kg1 Rh1+ 24. Kf2 Rc1 25. Ke2 Bxd4 26. Rxd4 Rxc2+ 27. Rd2 Rc1 28. Nd1 Rh1 29. Ne3 Rhe1+ 30. Kd3 d5 31. cxd5 cxd5 32. exd5 Bd7 33. Nxg4 Bf5+ 34. Kd4 Re4+ 35. Kd3 Rxg4+ 36. Ke3 Rc3+ 37. Kf2 Rcxg3 38. d6+ Kd7 0-1

[Event "Barcelona Guinardo 6th"]
[Site "Barcelona"]
[Date "2013.09.05"]
[Round "4"]
[White "Cervello Tost, Ferran"]
[Black "Garcia Lopez, Nicolas"]
[Result "1/2-1/2"]
[WhiteElo "2183"]
[BlackElo "2176"]
[PlyCount "38"]
[EventDate "2013.09.02"]
[EventType "tourn"]
[EventRounds "9"]
[EventCountry "ESP"]
[SourceTitle "CBM 156 Extra"]
[Source "ChessBase"]
[SourceDate "2013.10.22"]
[SourceVersion "1"]
[SourceVersionDate "2013.10.22"]
[SourceQuality "1"]

1. d4 Nf6 2. g3 g6 3. Bg2 Bg7 4. Nf3 0-0 5. 0-0 d6 6. c4 Nc6 7. Nc3 a6 8. b3 e5 9. e3 Bf5 10. Bb2 exd4 11. Nxd4 Nxd4 12. exd4 Rb8 13. a4 Re8 14. Qd2 Ne4 15. Nxe4 Bxe4 16. Bxe4 Rxe4 17. Rfe1 Rxe1+ 18. Rxe1 Qd7 19. d5 Re8 1/2-1/2

[Event "Barcelona Guinardo 6th"]
[Site "Barcelona"]
[Date "2013.09.03"]
[Round "2"]
[White "Martinez Pla, Xavier"]
[Black "Garcia Lopez, Nicolas"]
[Result "0-1"]
[WhiteElo "2119"]
[BlackElo "2176"]
[PlyCount "124"]
[EventDate "2013.09.02"]
[EventType "tourn"]
[EventRounds "9"]
[EventCountry "ESP"]
[SourceTitle "CBM 156 Extra"]
[Source "ChessBase"]
[SourceDate "2013.10.22"]
[SourceVersion "1"]
[SourceVersionDate "2013.10.22"]
[SourceQuality "1"]

1. e4 Nf6 2. e5 Nd5 3. d4 d6 4. c4 Nb6 5. exd6 exd6 6. Nc3 Nc6 7. Be3 Be7 8. Bd3 Bf6 9. Nge2 Bg4 10. Qd2 Bh5 11. b3 Bg6 12. 0-0 0-0 13. Bxg6 hxg6 14. Ne4 Re8 15. Nxf6+ Qxf6 16. Rfe1 Qd8 17. Rad1 d5 18. c5 Nc8 19. Rc1 N8e7 20. Ng3 Qd7 21. Bf4 Nf5 22. Nxf5 gxf5 23. f3 f6 24. h4 Qf7 25. Kf2 Qh5 26. Rh1 Re7 27. a3 Rae8 28. b4 Re2+ 29. Qxe2 Rxe2+ 30. Kxe2 Nxd4+ 31. Kf2 Ne6 32. Bd2 f4 33. c6 b6 34. g4 Qe5 35. Rcd1 Qd4+ 36. Kg2 Qd3 37. Rhe1 Nd4 38. Be3 Nxf3 39. Kxf3 Qe4+ 40. Kf2 fxe3+ 41. Rxe3 Qc2+ 42. Ke1 Qxc6 43. g5 fxg5 44. hxg5 Kf7 45. Rf3+ Kg6 46. Rfd3 Qe6+ 47. Kf1 c6 48. b5 Qf5+ 49. Ke1 Qe4+ 50. Kf2 Qf4+ 51. Ke1 cxb5 52. Rxd5 Qe3+ 53. Kf1 Qxa3 54. R1d3 Qc1+ 55. Rd1 Qf4+ 56. Kg2 Qe4+ 57. Kf2 b4 58. Rd6+ Kh5 59. R6d4 Qc6 60. Kg3 b3 61. Rd6 Qe4 62. R6d2 b2 0-1

[Event "Barcelona Guinardo 6th"]
[Site "Barcelona"]
[Date "2013.09.02"]
[Round "1"]
[White "Garcia Lopez, Nicolas"]
[Black "Bru Rullo, Llatzer"]
[Result "0-1"]
[WhiteElo "2176"]
[BlackElo "2220"]
[PlyCount "40"]
[EventDate "2013.09.02"]
[EventType "tourn"]
[EventRounds "9"]
[EventCountry "ESP"]
[SourceTitle "CBM 156 Extra"]
[Source "ChessBase"]
[SourceDate "2013.10.22"]
[SourceVersion "1"]
[SourceVersionDate "2013.10.22"]
[SourceQuality "1"]

1. e4 e5 2. Bc4 Nc6 3. Nc3 Nf6 4. d3 Bb4 5. a3 Bxc3+ 6. bxc3 d5 7. exd5 Nxd5 8. Qf3 Be6 9. Qg3 0-0 10. Bh6 Qf6 11. Bg5 Qg6 12. Ne2 Rfe8 13. 0-0 f5 14. Bd2 Qf7 15. Rab1 Rab8 16. Bxd5 Bxd5 17. c4 f4 18. Qh4 Bxg2 19. Nxf4 Bxf1 20. Nd5 Be2 0-1

[Event "Barcelona Sant Marti op-B 13th"]
[Site "Barcelona"]
[Date "2011.07.15"]
[Round "3.9"]
[White "Garcia Lopez, Nicolas"]
[Black "Duran Gutierrez, Juan Luis"]
[Result "1/2-1/2"]
[WhiteElo "1814"]
[BlackElo "1903"]
[PlyCount "40"]
[EventDate "2011.07.13"]
[EventType "swiss"]
[EventRounds "9"]
[EventCountry "ESP"]
[SourceTitle "EXT 2024"]
[Source "ChessBase"]
[SourceDate "2023.10.10"]
[SourceVersion "1"]
[SourceVersionDate "2023.10.10"]
[SourceQuality "1"]

1. e4 c5 2. g3 Nc6 3. Bg2 d6 4. Ne2 g6 5. c3 Bg7 6. d4 cxd4 7. cxd4 Nf6 8. Nbc3 0-0 9. h3 a6 10. Be3 Qc7 11. Rc1 Qa5 12. 0-0 Bd7 13. f4 e5 14. fxe5 dxe5 15. Bg5 Nh5 16. g4 exd4 17. Nd5 h6 18. Bd2 Qxa2 19. gxh5 Ne5 20. Bb4 Ba4 1/2-1/2